| 000 | 00473nam a2200181 a 4500 | ||
|---|---|---|---|
| 001 | 59633 | ||
| 005 | 20180714060645.0 | ||
| 008 | 140415d 000 0 eng d | ||
| 020 | _a133901874 | ||
| 041 | _aeng | ||
| 082 |
_a658.01 _bGEO |
||
| 100 | 1 | _aGEORGE, CLAUDE S. | |
| 245 | 1 | 4 | _aTHE HISTORY OF MANAGEMENT THOUGHT |
| 250 | _a2a ed. | ||
| 260 |
_a[s.l.] : _bPRENTICE-HALL, INC., _c[s.f.] |
||
| 300 | _a223 | ||
| 650 | 1 | 4 |
_aADMINISTRACION _xHISTORIA |
| 999 |
_c59633 _d59633 |
||